000 02347nam a22003497a 4500
001 101818
003 KnowledgeUnlatched
005 20210303105302.0
006 m o d
007 cr u||||||||||
008 210129p20132018mau o u00| u eng d
037 _5BiblioBoard
245 0 4 _aThe Englishman from Lebedian'
_bA Life of Evgeny Zamiatin /
_cJ.A.E. Curtis.
020 _a9781618114853
029 1 _ahttps://library.biblioboard.com/ext/api/media/707c9b89-27fe-4eb7-88e3-b4df03033218/assets/thumbnail.jpg
040 _aScCtBLL
_cScCtBLL
100 1 _aCurtis, J.A.E.
_eauthor.
264 1 _bAcademic Studies Press,
300 _a1 online resource (409 p.)
506 0 _aAccess copy available to the general public.
_fUnrestricted
_2star
520 _aAfter Evgeny Zamiatin emigrated from the USSR in 1931, he was systematically airbrushed out of Soviet literary history, despite the central role he had played in the cultural life of Russia's northern capital for nearly twenty years. Since the collapse of the Soviet Union, his writings have gradually been rediscovered in Russia, but with his archives scattered between Russia, France, and the USA, the project of reconstructing the story of his life has been a complex task. This book, the first full biography of Zamiatin in any language, draws upon his extensive correspondence and other documents in order to provide an account of his life which explores his intimate preoccupations, as well as uncovering the political and cultural background to many of his works. It reveals a man of strong will and high principles, who negotiated the political dilemmas of his day-including his relationship with Stalin-with great shrewdness.
588 0 _aDescription based on print version record.
590 _aKU Open Services
650 7 _aBiography & Autobiography / Literary Figures
_2bisacsh
655 7 _aBiographies
_2lcgft
655 0 _aElectronic books.
758 _iIs found in:
_aKnowledge Unlatched
_1https://openresearchlibrary.org/module/2774bc74-146a-484f-a7ba-ab1d6a09bbfb
856 4 0 _uhttps://openresearchlibrary.org/content/707c9b89-27fe-4eb7-88e3-b4df03033218
_zView this content on Open Research Library.
_70
999 _c34076
_d34076